000 00455nam a2200181Ia 4500
008 100917s9999 xx 000 0 und d
082 _b46960
100 _aJames O. Harvey
245 _aThe George Of Shadows
260 _bAndre Deutsch
_c1967
300 _a156
365 _b0
520 _aबालविभाग
630 _aThe George Of Shadows
650 _aबालविभाग
730 _aThe George Of Shadows
942 _cBOOK
999 _c652354
_d652351